Billion Dollar Movies - Statistics

General Stats
  • This quiz has been taken 165 times
    91 since last reset
  • The average score is 40 of 58
Answer Stats
Year Gross Movie % Correct
2009 2.923 Avatar
96%
2012 1.520 The Avengers
93%
2022 2.320 Avatar: The Way of Water
89%
2019 2.799 Avengers:Endgame
89%
1997 2.264 Titanic
89%
2015 1.405 Avengers: Age of Ultron
87%
2018 2.052 Avengers: Infinity War
87%
2021 1.952 Spiderman: No Way Home
85%
2015 2.071 Star Wars VII
83%
2023 1.446 Barbie
80%
2024 1.698 Inside Out 2
80%
2015 1.671 Jurassic World
80%
2024 1.338 Deadpool & Wolverine
78%
2019 1.132 Spiderman:Far from Home
78%
2010 1.073 Toy Story 3
78%
2019 1.067 Toy Story 4
78%
2013 1.306 Frozen
76%
2017 1.334 Star Wars VIII
76%
2018 1.349 Black Panther
74%
2016 1.155 Captain America:Civil War
74%
2019 1.453 Frozen 2
74%
2018 1.310 Jurassic World:Fallen Kingdom
74%
2025 2.100 Ne Zha 2
74%
2019 1.662 The Lion King
74%
2018 1.266 Iron Man 3
72%
2015 1.515 Furious 7
70%
2011 1.342 Harry Potter and the Deathly Hallows (Part 2)
70%
1993 1.104 Jurassic Park
70%
2008 1.009 The Dark Knight
70%
2022 1.495 Top Gun:Maverick
70%
2019 1.131 Captain Marvel
67%
2019 1.078 Joker
67%
2019 1.077 Star Wars IX
67%
2023 1.360 The Super MarioBros. Movie
67%
2024 1.057 Moana 2
65%
2012 1.114 The Dark Knight Rises
65%
2016 1.025 Zootopia
65%
2018 1.152 Aquaman
63%
2017 1.356 Beauty and the Beast
63%
2017 1.236 Fate of the Furious
63%
2018 1.243 Incredibles 2
63%
2022 1.001 Jurassic World Dominion
63%
2015 1.159 Minions
63%
2025 1.025 Lilo and Stitch
61%
2006 1.066 Pirates of the Caribbean:Dead Man's Chest
59%
2012 1.108 Skyfall
59%
2019 1.097 Aladdin
57%
2003 1.138 Lord of the Rings:Return of the King
57%
2016 1.058 Rogue One
57%
1999 1.046 Star Wars I
57%
2016 1.029 Finding Dory
54%
2001 1.026 Harry Potter and the Sorcerer's Stone
54%
2011 1.123 Transformers:Dark of the Moon
54%
2010 1.025 Alice in Wonderland
52%
2011 1.046 Pirates of the Caribbean:On Stranger Tides
52%
2014 1.105 Transformers:Age of Extinction
52%
2017 1.034 Despicable Me 3
50%
2012 1.017 The Hobbit:An Unexpected Journey
43%
No matching quizzes found
Score Distribution
Percent of People with Each Score
Percentile by Number Answered
Your Score History
You have not taken this quiz since the last reset